[Event "Zuerich op-B 25th"]
[Site "Zuerich"]
[Date "2001.??.??"]
[Round "3"]
[White "Kadic, Svetislav"]
[Black "Klarer, Toni"]
[Result "1-0"]
[WhiteElo "1571"]
[BlackElo "1427"]
[PlyCount "86"]
[EventDate "2001.12.26"]
[EventType "swiss"]
[EventRounds "7"]
[EventCountry "SUI"]
[SourceTitle "EXT 2019"]
[Source "ChessBase"]
[SourceDate "2018.10.10"]
[SourceVersion "1"]
[SourceVersionDate "2018.10.10"]
[SourceQuality "1"]

1. e4 Nc6 2. d4 d5 3. e5 a6 4. f4 e6 5. Nf3 Bb4+ 6. c3 Ba5 7. Bd2 Bb6 8. Qc2 Nge7 9. Bd3 f5 10. 0-0 h6 11. Be1 Ba7 12. Nbd2 b6 13. Nb3 Qd7 14. Qe2 Bb7 15. Bxa6 Qc8 16. Bxb7 Qxb7 17. Nh4 Kd7 18. g4 g6 19. Kh1 Rag8 20. Rg1 Qc8 21. gxf5 gxf5 22. Rg2 Rg7 23. Bg3 Qe8 24. Rd1 Kc8 25. c4 Nb8 26. c5 Nec6 27. Rdg1 Rhg8 28. Bf2 Rxg2 29. Rxg2 Rxg2 30. Nxg2 Ne7 31. Qf3 Qg6 32. Qg3 Qg4 33. Qxg4 fxg4 34. Ne3 h5 35. Bh4 Nbc6 36. Bxe7 Nxe7 37. Kg2 c6 38. h3 Nf5 39. Nxf5 exf5 40. hxg4 hxg4 41. a4 Kb7 42. a5 b5 43. a6+ Kxa6 1-0

[Event "Zuerich op-B 25th"]
[Site "Zuerich"]
[Date "2001.??.??"]
[Round "1"]
[White "Kadic, Svetislav"]
[Black "Nohl, Hansjoerg"]
[Result "0-1"]
[WhiteElo "1571"]
[BlackElo "1861"]
[PlyCount "60"]
[EventDate "2001.12.26"]
[EventType "swiss"]
[EventRounds "7"]
[EventCountry "SUI"]
[SourceTitle "EXT 2019"]
[Source "ChessBase"]
[SourceDate "2018.10.10"]
[SourceVersion "1"]
[SourceVersionDate "2018.10.10"]
[SourceQuality "1"]

1. e4 c6 2. d4 d5 3. e5 Bf5 4. f4 e6 5. g3 c5 6. Nf3 Nc6 7. c3 cxd4 8. cxd4 Be4 9. Bb5 Bxb1 10. Rxb1 Qa5+ 11. Bd2 Qxb5 12. a4 Qd3 13. Bc3 Qxd1+ 14. Rxd1 Bb4 15. 0-0 Nge7 16. g4 0-0 17. Rd3 Bxc3 18. bxc3 Na5 19. Rb1 Rac8 20. Nd2 Rc7 21. Rb5 b6 22. Nb3 Nxb3 23. Rxb3 Nc6 24. Kf2 Rfc8 25. Rb1 Na5 26. Rc1 Rc4 27. f5 Rxa4 28. fxe6 fxe6 29. Ke3 Ra2 30. Rd2 Nc4+ 0-1